El ordenamiento jurídico y el ejercicio del derecho de libertad de los esclavos en la provincia de Venezuela 1730 1768

সংরক্ষণ করুন:
গ্রন্থ-পঞ্জীর বিবরন
প্রধান লেখক: Ponce, Marianela (Author)
বিন্যাস: গ্রন্থ
ভাষা:স্প্যানিশ
প্রকাশিত: Caracas Academia Nacional de la Historia 1994
মালা:Biblioteca de la Academia Nacional de la Historia, 226
বিষয়গুলি:
ট্যাগগুলো: ট্যাগ যুক্ত করুন
কোনো ট্যাগ নেই, প্রথমজন হিসাবে ট্যাগ করুন!

MARC

LEADER 00000nam a2200000 a 4500
001 UCU0318
003 CL-VaPUC
008 960322e19940000VE |||||||||||||||||spa|d
082 0 4 |a 349.8  |b PON  |2 21 
100 0 |a Ponce, Marianela  |e author  |9 355370 
245 1 3 |a El ordenamiento jurídico y el ejercicio del derecho de libertad de los esclavos en la provincia de Venezuela 1730 1768 
300 |a 309 p 
942 |c BK 
945 |d 19960322 00:00:00  |a rleighto 
260 |a Caracas  |b Academia Nacional de la Historia  |c 1994 
650 0 |a Derecho Indiano  |9 256266 
650 0 |a Ordenamiento jurídico   |9 355371 
650 0 |a Libertad  |9 255686 
650 0 |a Esclavitud  |9 323605 
651 0 |a Venezuela  |9 254993 
583 |a last modification  |c 20160817 05:35:14  |k Rodrigo Vera 
490 0 |a Biblioteca de la Academia Nacional de la Historia, 226 
999 |c 245185  |d 245183 
952 |0 0  |1 0  |4 0  |6 349_800000000000000_PON_1994  |7 0  |8 DER_HDC  |9 259624  |a BIBDER  |b BIBDER  |d 2019-11-19  |i 3178374  |o 349.8 PON 1994  |p 3178374  |r 2023-01-25  |w 2019-11-19  |x Ubicación 4to Piso  |y BK  |z Estos recursos deben solicitarse con anticipación  |k DER